000 00273nam a22000977a 4500
999 _c58122
_d58119
082 _aR/3ME14
100 _aAbrar Rasool
245 _aPerformance Analysis Of Multi-Stage Steam Turbine 9.8MW At Habib suger Mills nawabshah
260 _anawabshah
_bQuest
_c2017
942 _cTHESIS